| 000 | 00679nam a2200229 i 4500 | ||
|---|---|---|---|
| 001 | 122125 | ||
| 003 | ES-MaACL | ||
| 005 | 20250624032615.0 | ||
| 007 | t| | ||
| 008 | 070214s1969 sp acf |||| |bspa d | ||
| 080 | _a74 Prieto, Gregorio | ||
| 080 | _a929 Garcia Lorca, Federico | ||
| 100 | 1 |
_aPrieto, Gregorio. _993885 |
|
| 245 | 1 | 0 |
_aLorca en color / _cGregorio Prieto. |
| 260 |
_aMadrid : _bEditora Nacional, _c1969. |
||
| 300 |
_a228 p., 54 lám. : _bil. ; _c29 cm. |
||
| 490 | 1 | _aCrítica de las artes | |
| 600 | 1 | 4 |
_aGarcía Lorca, Federico, _d1898-1936 _954853 |
| 830 | 0 |
_aCrítica de las artes _9186557 |
|
| 852 |
_aES-MaACL _jC-25276 |
||
| 999 |
_c122125 _d122125 |
||